000 00781nam a2200241 a 4500
001 000007138
005 20200929154058.0
008 790628s1978 sp 001 0bspa
020 _a8434432005
040 _aDO-SdBNP
_bspa
_cBNPHU
082 _axxx
_bV422B
100 1 _aBastidas, Arístides,
_d1924-
_919798
245 1 0 _aRafael Vegas :
_breportaje biográfico /
_cArístides Bastidas.
260 _aBarcelona :
_bAriel,
_c1978.
300 _a268 p. ;
_c22 cm.
490 1 _aHoras de Venezuela
500 _aIncluye índice onomástico
600 1 0 _aVegas, Rafael.
_919799
650 0 _aStatesmen
_zVenezuela
_xBiography.
_918147
650 0 _aPsychiatrists
_zVenezuela
_xBiography.
_919800
650 0 _aChild psychiatry
_zVenezuela.
_919801
830 0 _aHoras de Venezuela
_919802
999 _c6919
_d6919